Pesticide manual: A world compendium (Record no. 36061)

MARC details
000 -LEADER
fixed length control field 00353nam a2200133Ia 4500
082 ## - DEWEY DECIMAL CLASSIFICATION NUMBER
Classification number 632.95
Item number WOR
245 #0 - TITLE STATEMENT
Title Pesticide manual: A world compendium
250 ## - EDITION STATEMENT
Edition statement Ed.6
260 ## - PUBLICATION, DISTRIBUTION, ETC. (IMPRINT)
Place of publication London
Name of publisher British Crop Protection Council
Year of publication 1979
650 ## - SUBJECT ADDED ENTRY--TOPICAL TERM
Topical Term Pesticide
700 ## - ADDED ENTRY--PERSONAL NAME
Personal name Worthing, Charles R
942 ## - ADDED ENTRY ELEMENTS (KOHA)
Koha item type Books
Holdings
Withdrawn status Lost status Damaged status Not for loan Home library Current library Date acquired Cost, normal purchase price Full call number Accession Number Koha item type
        RRII Library RRII Library 16/12/2021 24.00 632.95 WOR 16477 Books